| 000 | 00674nam a2200181Ia 4500 | ||
|---|---|---|---|
| 008 | 151018s9999 xx 000 0 und d | ||
| 082 |
_bRBASDV34800 _a891.468 |
||
| 100 | _aनीलिमा बोरवनकर | ||
| 245 | _aपंचतारांकित दुनियेत | ||
| 250 | _b1 | ||
| 260 |
_bउन्मेष प्रकाशन पुणे _c2002 |
||
| 300 | _a152 | ||
| 600 | _aनीलिमा बोरवनकर | ||
| 630 | _aपंचतारांकित दुनियेत | ||
| 700 | _aनीलिमा बोरवनकर | ||
| 730 | _aपंचतारांकित दुनियेत | ||
| 942 | _cBOOK | ||
| 999 |
_c1034285 _d1034282 |
||